A comparative analysis of complex organizations: on power, involvement, and their corrlates
Guardat en:
| Autor principal: | |
|---|---|
| Format: | Llibre |
| Idioma: | anglès |
| Publicat: |
Londres
The Free Press
1961
|
| Matèries: | |
| Etiquetes: |
Afegir etiqueta
Sense etiquetes, Sigues el primer a etiquetar aquest registre!
|
MARC
| LEADER | 00000nam a2200000 a 4500 | ||
|---|---|---|---|
| 001 | UCR1089 | ||
| 003 | CL-VaPUC | ||
| 008 | 971212e19610000UK |||||||||||||||||eng|d | ||
| 082 | 0 | 4 | |a 306 |b ETZ |2 21 |
| 100 | 0 | |a Etzioni, Amitai |e author |9 397901 | |
| 245 | 1 | 2 | |a A comparative analysis of complex organizations: on power, involvement, and their corrlates |
| 300 | |a 366 p | ||
| 942 | |c BK | ||
| 945 | |d 19971212 00:00:00 |a rleighto | ||
| 260 | |a Londres |b The Free Press |c 1961 | ||
| 650 | 0 | |a Organización social |9 357570 | |
| 650 | 0 | |a Administración |9 259325 | |
| 650 | 0 | |a Sociología |9 255410 | |
| 650 | 0 | |a Grupos sociales |9 268887 | |
| 583 | |a last modification |c 19971212 00:00:00 |k Rodrigo Vera | ||
| 999 | |c 264581 |d 264579 | ||
| 952 | |0 0 |1 0 |4 0 |6 306_000000000000000_ETZ_1961 |7 0 |8 P |9 294883 |a BIBGIM |b BIBGIM |d 2019-11-19 |i 3374602 |o 306 ETZ 1961 |p 3374602 |r 2025-01-15 |w 2019-11-19 |y BK |k GIM | ||